<?xml version="1.0" encoding="UTF-8"?>
<record
    xmlns:xsi="http://www.w3.org/2001/XMLSchema-instance"
    xsi:schemaLocation="http://www.loc.gov/MARC21/slim http://www.loc.gov/standards/marcxml/schema/MARC21slim.xsd"
    xmlns="http://www.loc.gov/MARC21/slim">

  <leader>02118nam a22003017a 4500</leader>
  <controlfield tag="001"> 133252 </controlfield>
  <controlfield tag="003">UA-OsUOA</controlfield>
  <controlfield tag="005">20260629152744.0</controlfield>
  <controlfield tag="007">ta</controlfield>
  <controlfield tag="008">20181011b un ||||| |||| 00| 0 ukr d</controlfield>
  <datafield tag="020" ind1=" " ind2=" ">
    <subfield code="a">966849900&#x425;</subfield>
  </datafield>
  <datafield tag="040" ind1=" " ind2=" ">
    <subfield code="a">UA-OsUOA</subfield>
    <subfield code="b">ukr</subfield>
    <subfield code="c">UA-OsUOA</subfield>
    <subfield code="d">UA-OsUOA</subfield>
  </datafield>
  <datafield tag="041" ind1=" " ind2=" ">
    <subfield code="a">ukr</subfield>
  </datafield>
  <datafield tag="080" ind1=" " ind2=" ">
    <subfield code="a">141</subfield>
  </datafield>
  <datafield tag="090" ind1=" " ind2=" ">
    <subfield code="a">141</subfield>
    <subfield code="b">&#x427;-59</subfield>
  </datafield>
  <datafield tag="100" ind1=" " ind2=" ">
    <subfield code="a">&#x427;&#x438;&#x436;&#x435;&#x432;&#x441;&#x44C;&#x43A;&#x438;&#x439; &#x414;.</subfield>
    <subfield code="9">22973</subfield>
  </datafield>
  <datafield tag="110" ind1=" " ind2=" ">
    <subfield code="a">&#x406;&#x43D;&#x441;&#x442;&#x438;&#x442;&#x443;&#x442; &#x444;&#x456;&#x43B;&#x43E;&#x441;&#x43E;&#x444;&#x456;&#x457; &#x456;&#x43C;. &#x413;. &#x421;&#x43A;&#x43E;&#x432;&#x43E;&#x440;&#x43E;&#x434;&#x438;</subfield>
    <subfield code="9">25553</subfield>
  </datafield>
  <datafield tag="245" ind1=" " ind2=" ">
    <subfield code="a">&#x424;&#x456;&#x43B;&#x43E;&#x441;&#x43E;&#x444;&#x441;&#x44C;&#x43A;&#x456; &#x442;&#x432;&#x43E;&#x440;&#x438; &#x443; &#x447;&#x43E;&#x442;&#x438;&#x440;&#x44C;&#x43E;&#x445; &#x442;&#x43E;&#x43C;&#x430;&#x445;</subfield>
    <subfield code="c">&#x43F;&#x456;&#x434; &#x437;&#x430;&#x433;. &#x440;&#x435;&#x434;. &#x412;&#x430;&#x441;&#x438;&#x43B;&#x44F; &#x41B;&#x456;&#x441;&#x43E;&#x432;&#x43E;&#x433;&#x43E;</subfield>
  </datafield>
  <datafield tag="260" ind1=" " ind2=" ">
    <subfield code="a">&#x41A;.</subfield>
    <subfield code="b">&#x421;&#x43C;&#x43E;&#x43B;&#x43E;&#x441;&#x43A;&#x438;&#x43F;</subfield>
    <subfield code="c">2005</subfield>
  </datafield>
  <datafield tag="300" ind1=" " ind2=" ">
    <subfield code="a">456 &#x441;.</subfield>
  </datafield>
  <datafield tag="505" ind1=" " ind2=" ">
    <subfield code="g">&#x422;. 3</subfield>
    <subfield code="t">&#x424;&#x456;&#x43B;&#x43E;&#x441;&#x43E;&#x444;&#x456;&#x44F; &#x436;&#x438;&#x442;&#x442;&#x44F; &#x443; &#x41B;&#x44E;&#x434;&#x43E;&#x432;&#x456;&#x442;&#x430; &#x428;&#x442;&#x443;&#x440;&#x430;. &#x424;&#x456;&#x43B;&#x43E;&#x441;&#x43E;&#x444;&#x441;&#x44C;&#x43A;&#x430; &#x441;&#x43B;&#x430;&#x432;&#x456;&#x441;&#x442;&#x438;&#x43A;&#x430;</subfield>
  </datafield>
  <datafield tag="520" ind1=" " ind2=" ">
    <subfield code="a">&#x427;&#x43E;&#x442;&#x438;&#x440;&#x438;&#x442;&#x43E;&#x43C;&#x43D;&#x435; &#x432;&#x438;&#x434;&#x430;&#x43D;&#x43D;&#x44F; &#x444;&#x456;&#x43B;&#x43E;&#x441;&#x43E;&#x444;&#x441;&#x44C;&#x43A;&#x438;&#x445; &#x442;&#x432;&#x43E;&#x440;&#x456;&#x432; &#x414;&#x43C;&#x438;&#x442;&#x440;&#x430; &#x427;&#x438;&#x436;&#x435;&#x432;&#x441;&#x44C;&#x43A;&#x43E;&#x433;&#x43E; (1894-1977) &#x454; &#x432;&#x438;&#x434;&#x430;&#x43D;&#x43D;&#x44F;&#x43C; &#x431;&#x430;&#x433;&#x430;&#x442;&#x44E;&#x449;&#x43E;&#x457; &#x441;&#x43F;&#x430;&#x434;&#x449;&#x438;&#x43D;&#x438; &#x432;&#x438;&#x434;&#x430;&#x442;&#x43D;&#x43E;&#x433;&#x43E; &#x456;&#x441;&#x442;&#x43E;&#x440;&#x438;&#x43A;&#x430; &#x444;&#x456;&#x43B;&#x43E;&#x441;&#x43E;&#x444;&#x456;&#x457; &#x423;&#x43A;&#x440;&#x430;&#x457;&#x43D;&#x438;. &#x412;&#x43E;&#x43D;&#x43E; &#x43E;&#x445;&#x43E;&#x43F;&#x43B;&#x44E;&#x454; &#x443;&#x441;&#x456; &#x43D;&#x430;&#x439;&#x432;&#x430;&#x436;&#x43B;&#x438;&#x432;&#x456;&#x448;&#x456; &#x442;&#x432;&#x43E;&#x440;&#x438; &#x414;&#x43C;&#x438;&#x442;&#x440;&#x430; &#x427;&#x438;&#x436;&#x435;&#x432;&#x441;&#x44C;&#x43A;&#x43E;&#x433;&#x43E; &#x437; &#x456;&#x441;&#x442;&#x43E;&#x440;&#x456;&#x457; &#x444;&#x456;&#x43B;&#x43E;&#x441;&#x43E;&#x444;&#x456;&#x457; &#x432; &#x423;&#x43A;&#x440;&#x430;&#x457;&#x43D;&#x456;, &#x443;&#x43A;&#x440;&#x430;&#x457;&#x43D;&#x441;&#x44C;&#x43A;&#x43E;&#x457; &#x442;&#x430; &#x437;&#x430;&#x445;&#x456;&#x434;&#x43D;&#x43E;&#x454;&#x432;&#x440;&#x43E;&#x43F;&#x435;&#x439;&#x441;&#x44C;&#x43A;&#x43E;&#x457; &#x444;&#x456;&#x43B;&#x43E;&#x441;&#x43E;&#x444;&#x441;&#x44C;&#x43A;&#x43E;&#x457; &#x434;&#x443;&#x43C;&#x43A;&#x438;. &#x427;&#x438;&#x43C;&#x430;&#x43B;&#x43E; &#x437; &#x43D;&#x438;&#x445; &#x432;&#x43F;&#x435;&#x440;&#x448;&#x435; &#x437;&#x2019;&#x44F;&#x432;&#x43B;&#x44F;&#x44E;&#x442;&#x44C;&#x441;&#x44F; &#x434;&#x440;&#x443;&#x43A;&#x43E;&#x43C; &#x432; &#x443;&#x43A;&#x440;&#x430;&#x457;&#x43D;&#x441;&#x44C;&#x43A;&#x43E;&#x43C;&#x443; &#x43F;&#x435;&#x440;&#x435;&#x43A;&#x43B;&#x430;&#x434;&#x456; (&#x437;&#x456; &#x441;&#x43B;&#x43E;&#x432;&#x430;&#x446;&#x44C;&#x43A;&#x43E;&#x457;, &#x430;&#x43D;&#x433;&#x43B;&#x456;&#x439;&#x441;&#x44C;&#x43A;&#x43E;&#x457;, &#x43D;&#x456;&#x43C;&#x435;&#x446;&#x44C;&#x43A;&#x43E;&#x457; &#x442;&#x430; &#x444;&#x440;&#x430;&#x43D;&#x446;&#x443;&#x437;&#x44C;&#x43A;&#x43E;&#x457; &#x43C;&#x43E;&#x432;)., &#x414;&#x43E; &#x43F;&#x435;&#x440;&#x448;&#x43E;&#x433;&#x43E; &#x442;&#x43E;&#x43C;&#x443; &#x432;&#x43A;&#x43B;&#x44E;&#x447;&#x435;&#x43D;&#x43E; &#x43D;&#x430;&#x439;&#x432;&#x430;&#x436;&#x43B;&#x438;&#x432;&#x456;&#x448;&#x456; &#x434;&#x432;&#x430; &#x442;&#x432;&#x43E;&#x440;&#x438; &#x432;&#x447;&#x435;&#x43D;&#x43E;&#x433;&#x43E;: &#xAB;&#x41D;&#x430;&#x440;&#x438;&#x441;&#x438; &#x437; &#x456;&#x441;&#x442;&#x43E;&#x440;&#x456;&#x457; &#x444;&#x456;&#x43B;&#x43E;&#x441;&#x43E;&#x444;&#x456;&#x457; &#x43D;&#x430; &#x423;&#x43A;&#x440;&#x430;&#x457;&#x43D;&#x456;&#xBB; (1931) &#x442;&#x430; &#xAB;&#x424;&#x456;&#x43B;&#x43E;&#x441;&#x43E;&#x444;&#x456;&#x44F; &#x413;. &#x421;. &#x421;&#x43A;&#x43E;&#x432;&#x43E;&#x440;&#x43E;&#x434;&#x438;&#xBB; (1934).</subfield>
  </datafield>
  <datafield tag="650" ind1=" " ind2="7">
    <subfield code="a">141 &#x420;&#x456;&#x437;&#x43D;&#x43E;&#x432;&#x438;&#x434;&#x438; &#x441;&#x438;&#x441;&#x442;&#x435;&#x43C;, &#x43A;&#x43E;&#x43D;&#x446;&#x435;&#x43F;&#x446;&#x456;&#x439;, &#x43F;&#x43E;&#x433;&#x43B;&#x44F;&#x434;&#x456;&#x432;, &#x432;&#x447;&#x435;&#x43D;&#x44C;, &#x43D;&#x430;&#x43F;&#x440;&#x44F;&#x43C;&#x456;&#x432;</subfield>
    <subfield code="2">UDC</subfield>
    <subfield code="9">2907</subfield>
  </datafield>
  <datafield tag="700" ind1="1" ind2=" ">
    <subfield code="a">&#x41B;&#x456;&#x441;&#x43E;&#x432;&#x438;&#x439; &#x412;. &#x421;.</subfield>
    <subfield code="e">&#x440;&#x435;&#x434;.</subfield>
    <subfield code="9">25552</subfield>
  </datafield>
  <datafield tag="942" ind1=" " ind2=" ">
    <subfield code="c">BK</subfield>
    <subfield code="2">udc</subfield>
  </datafield>
  <datafield tag="955" ind1=" " ind2=" ">
    <subfield code="a">1</subfield>
  </datafield>
  <datafield tag="999" ind1=" " ind2=" ">
    <subfield code="c">421909</subfield>
    <subfield code="d">421909</subfield>
  </datafield>
  <datafield tag="952" ind1=" " ind2=" ">
    <subfield code="0">0</subfield>
    <subfield code="1">0</subfield>
    <subfield code="2">udc</subfield>
    <subfield code="4">0</subfield>
    <subfield code="7">0</subfield>
    <subfield code="8">C_ZAKYDALSKYI</subfield>
    <subfield code="a">102</subfield>
    <subfield code="b">102</subfield>
    <subfield code="d">2018-10-11</subfield>
    <subfield code="e">44/2018</subfield>
    <subfield code="g">35.00</subfield>
    <subfield code="h">&#x422;. 3</subfield>
    <subfield code="i">159957</subfield>
    <subfield code="l">1</subfield>
    <subfield code="o">141 &#x427;-59</subfield>
    <subfield code="p">159957</subfield>
    <subfield code="r">2022-02-06 00:00:00</subfield>
    <subfield code="s">2020-11-02</subfield>
    <subfield code="w">2018-10-11</subfield>
    <subfield code="y">BK</subfield>
  </datafield>
  <datafield tag="952" ind1=" " ind2=" ">
    <subfield code="0">0</subfield>
    <subfield code="1">0</subfield>
    <subfield code="2">udc</subfield>
    <subfield code="4">0</subfield>
    <subfield code="7">0</subfield>
    <subfield code="8">C_Shevchuk_V.</subfield>
    <subfield code="a">101</subfield>
    <subfield code="b">101</subfield>
    <subfield code="d">2026-06-17</subfield>
    <subfield code="e">&#x2116;29/08.06.2026</subfield>
    <subfield code="g">35.00</subfield>
    <subfield code="h">&#x422;. 3</subfield>
    <subfield code="l">0</subfield>
    <subfield code="o">141 &#x427;-59</subfield>
    <subfield code="p">170115</subfield>
    <subfield code="r">2026-06-17 11:49:18</subfield>
    <subfield code="v">35.00</subfield>
    <subfield code="w">2026-06-17</subfield>
    <subfield code="y">BK</subfield>
  </datafield>
</record>
